[Event "AUTO-OPEN-1215"]
[Site "http://www.queenalice.com/game.php?id=441983"]
[Date "2008.8.1"]
[Round "1"]
[White "Tessaro"]
[Black "Poirot"]
[Result "1-0"]
[WhiteElo "1543"]
[BlackElo "1100"]

1. e4 e5 2. Nf3 Nc6 3. Bc4 d6 4. d3 Be7 5. Nc3 Nf6 6. Bg5 O-O 7. O-O Nb8 8. Qd2
Nbd7 9. h3 c6 10. a3 b5 11. Ba2 Bb7 12. Ne2 d5 13. exd5 cxd5 14. Ng3 d4 15. Nh4
h6 16. Bxh6 gxh6 17. Qxh6 Nh7 18. Ngf5 Bf6 19. Ng6 Re8 20. Bxf7+ Kxf7 21. Qxh7+
Ke6 22. Rae1 Kxf5 23. Nf8+ Kg5 24. Qg6+ Kh4 25. Qg4# 1-0

[Event "AUTO-OPEN-1215"]
[Site "http://www.queenalice.com/game.php?id=441984"]
[Date "2008.8.1"]
[Round "1"]
[White "Poirot"]
[Black "Tessaro"]
[Result "1-0"]
[WhiteElo "1353"]
[BlackElo "1452"]

1. e4 c5 2. Nf3 d6 3. c3 Nf6 4. d3 Bg4 5. Nbd2 Nc6 6. d4 cxd4 7. Be2 e6 8. cxd4
Bxf3 9. Nxf3 Nxe4 10. O-O Be7 11. Bd3 Nf6 12. Qc2 O-O 13. Bb5 Rc8 14. Qd3 Nb4
15. Qb3 d5 16. a3 Na6 17. Ne5 Qd6 18. Qg3 Ne4 19. Qf3 Nc7 20. Bd3 Ng5 21. Bxg5
Bxg5 22. Bxh7+ Kxh7 23. Nxf7 Rxf7 24. Qxf7 Bf6 25. Qh5+ Kg8 26. b4 Bxd4 27. Rad1
Bf6 28. Rd3 Qe5 29. Qd1 Nb5 30. Rh3 Rc3 31. Re1 Qf5 32. Rhe3 Rxe3 33. Rxe3 Nc3
34. Qc1 Qf4 35. Qe1 1-0

[Event "AUTO-OPEN-1215"]
[Site "http://www.queenalice.com/game.php?id=441985"]
[Date "2008.8.1"]
[Round "1"]
[White "Tessaro"]
[Black "linluciano"]
[Result "0-1"]
[WhiteElo "1392"]
[BlackElo "1747"]

1. e4 e5 2. Nf3 Nc6 3. Bc4 Nf6 4. Ng5 Qe7 5. Nxf7 Rg8 6. Nxe5 Qxe5 7. Bxg8 Nxg8
8. O-O Bd6 9. f4 Qc5+ 10. Kh1 b6 11. Nc3 Bb7 12. d3 O-O-O 13. Qg4 h5 14. Qxg7
Nge7 15. Qg5 Qxg5 16. fxg5 h4 17. Bf4 Nd4 18. Bxd6 cxd6 19. Nd1 d5 20. c3 Ne6
21. Rf7 Re8 22. exd5 Bxd5 23. Rh7 Ng6 24. Ne3 Nef8 25. Nxd5 Nxh7 26. Nf6 Nxf6
27. gxf6 Rf8 28. Rf1 Ne5 29. d4 Ng4 30. g3 h3 31. Rf4 Rxf6 0-1

[Event "AUTO-OPEN-1215"]
[Site "http://www.queenalice.com/game.php?id=441986"]
[Date "2008.8.1"]
[Round "1"]
[White "linluciano"]
[Black "Tessaro"]
[Result "1-0"]
[WhiteElo "1745"]
[BlackElo "1394"]

1. e4 c5 2. Qh5 e6 3. g3 Nf6 4. Qf3 d5 5. e5 Nfd7 6. Nh3 Nxe5 7. Bb5+ Bd7 8.
Bxd7+ Nbxd7 9. Qf4 Bd6 10. O-O O-O 11. b4 Nc4 12. Qg4 Nf6 13. Qe2 cxb4 14. a3
Qb6 15. axb4 Bxb4 16. d3 Nd6 17. Na3 Rfc8 18. Rb1 Qa5 19. Qe5 Bxa3 20. Bxa3 Qxa3
21. Qxd6 Qxd6 22. c4 dxc4 23. dxc4 Rxc4 24. Rxb7 Ne4 25. Rfb1 h6 26. Nf4 Nd2 27.
Ra1 Qc6 28. Rb3 1-0

[Event "AUTO-INT-988"]
[Site "http://www.queenalice.com/game.php?id=442308"]
[Date "2008.8.1"]
[Round "1"]
[White "XaraX"]
[Black "Tessaro"]
[Result "1-0"]
[WhiteElo "1831"]
[BlackElo "1454"]

1. d4 d5 2. c4 Nf6 3. Nc3 c6 4. Nf3 Bf5 5. Bg5 Nbd7 6. e3 e6 7. Be2 Bb4 8. O-O
O-O 9. Qa4 Bxc3 10. bxc3 Qc7 11. cxd5 cxd5 12. Bxf6 Nxf6 13. c4 dxc4 14. Qxc4
Qxc4 15. Bxc4 Rfc8 16. Bb3 a5 17. a4 Rc3 18. Nd2 Bd3 19. Rfc1 Rac8 20. Rxc3 Rxc3
21. Bd1 h6 22. Nb3 b6 23. Rc1 Rxc1 24. Nxc1 Ba6 25. Na2 b5 26. Be2 Kf8 27. Bxb5
Bxb5 28. axb5 Nd5 29. e4 Nb6 30. f3 Ke7 31. Kf2 Kd6 32. Ke3 g5 33. Kd3 f5 34. h3
h5 35. g4 hxg4 36. hxg4 1-0

[Event "AUTO-INT-988"]
[Site "http://www.queenalice.com/game.php?id=442309"]
[Date "2008.8.1"]
[Round "1"]
[White "Tessaro"]
[Black "XaraX"]
[Result "0-1"]
[WhiteElo "1545"]
[BlackElo "1675"]

1. e4 e5 2. Nf3 Nc6 3. Bc4 h6 4. O-O Nf6 5. a3 Bc5 6. d3 O-O 7. Nc3 d6 8. Qe2
Nd4 9. Nxd4 Bxd4 10. Be3 Bxc3 11. bxc3 c6 12. Rab1 d5 13. exd5 cxd5 14. Ba2 Qa5
15. Rb3 Be6 16. d4 Ne4 17. Qd3 Rfc8 18. dxe5 Rxc3 19. Rxc3 Nxc3 20. Bd2 Rc8 21.
Rb1 Qxa3 22. Bxd5 Nxb1 23. Qxa3 Nxa3 24. Bxe6 fxe6 0-1

[Event "AUTO-INT-988"]
[Site "http://www.queenalice.com/game.php?id=442316"]
[Date "2008.8.1"]
[Round "1"]
[White "Krajnicov"]
[Black "Tessaro"]
[Result "1-0"]
[WhiteElo "1471"]
[BlackElo "1498"]

1. e4 c5 2. Qf3 e6 3. Bc4 Nc6 4. Nc3 Nf6 5. g4 Ne5 6. Qe3 Nxc4 7. Qe2 Ne5 8. Nh3
Nexg4 9. Nb5 a6 10. e5 Nxe5 11. f4 Neg4 12. Nc3 d5 13. Na4 Bd7 14. Nc3 Bd6 15.
a4 Qc7 16. O-O d4 17. Nd1 O-O 18. Ng5 1-0

[Event "AUTO-INT-988"]
[Site "http://www.queenalice.com/game.php?id=442317"]
[Date "2008.8.1"]
[Round "1"]
[White "Tessaro"]
[Black "Krajnicov"]
[Result "1-0"]
[WhiteElo "1559"]
[BlackElo "1455"]

1. e4 e5 2. Nf3 Qf6 3. Nc3 c6 4. Bc4 Bc5 5. d3 h6 6. O-O g5 7. h3 g4 8. hxg4 h5
9. g5 Qg6 10. Nxe5 Qh7 11. Bxf7+ Kf8 12. Qf3 d6 13. Bg6+ Kg7 14. Qf7# 1-0